Cities Closest to Perth, Scotland - Statistics

General Stats
  • This quiz has been taken 17 times
  • The average score is 13 of 15
Answer Stats
Distance City % Correct
51 km Edinburgh
100%
77 km Glasgow
100%
194 km Newcastle upon Tyne
100%
353 km Kingston upon Hull
94%
313 km Leeds
94%
333 km Liverpool
94%
333 km Manchester
94%
358 km Sheffield
94%
254 km Belfast
88%
444 km Leicester
88%
410 km Nottingham
88%
406 km Derby
69%
308 km Bradford
63%
384 km Dublin
63%
385 km Stoke-on-Trent
56%
No matching quizzes found
Score Distribution
Percent of People with Each Score
Percentile by Number Answered
Your Score History
You have not taken this quiz